00801nam a22002297a 4500003000500000005001700005008004100022010001000063011001000073035001000083040000900093100003000102245014800132260004000280300001000320502007500330650002800405650002800433650002900461650004200490700003900532CHAP20220817042950.0971013s1996 r 00010 d a61347 a62319 a66493 cCHAP00aGuerrero León, Roberto. aElementos de la cadena productiva del subsector bovino productores de carne en México y sus repercuciones con la apertura comercial del TLCAN aChapingo, Méx. :bEl autor,c1996 a75 h. aTesis (Ing. Agr. Esp. en Zootecnia) -- UACH. Departamento de Zootecnia14aCarne de resxMercadeo.14aGanado vacunoxEngorda.14aGanado vacunoxMercadeo.14aTratado Trilateral de Libre Comercio.0 aLeón Martínez, José Gabriel.